| 000 | 00476 a2200181 4500 | ||
|---|---|---|---|
| 003 | OSt | ||
| 005 | 20230620111705.0 | ||
| 008 | 230620b xxu||||| |||| 00| 0 eng d | ||
| 020 | _a0313266700 | ||
| 022 | _208859159 | ||
| 040 | _cDLC | ||
| 082 |
_a320.94 _bAUG |
||
| 100 | _cGerasimo Augustinos | ||
| 245 |
_aDiverse path to Modernity in Southeastern Europe _bEssays in National Development |
||
| 260 |
_aLondon _bGreenwood press _c1991 |
||
| 300 | _a176p | ||
| 942 |
_2ddc _cBK |
||
| 999 |
_c1630 _d1630 |
||